000 00370nam a2200145Ia 4500
008 200103s9999||||xx |||||||||||||| ||und||
020 _a0115120319,
040 _aIMU-MPC
082 _aColumn-5
100 _aHMSO
245 0 _aCode of safe working practices for merchant seamen: consolidated edition 2011
260 _bHMSO
_c1978
300 _aviii, 189
942 _cBK
999 _c3394
_d3394